000 00631 a2200181 4500
999 _c637
_d637
020 _a0906386047 (pbk.) :
050 0 0 _aBF173.F85 APP 1979
100 1 _aAppignanesi, Richard.
245 1 0 _aFreud for beginners /
_ctext by Richard Appignanesi, ill. by Oscar Zarate.
264 _aLondon
_bWriters and readers publishing
_c1979
300 _a174 p. :
_bill. ;
500 _aPsychology
504 _aBibliography: p. 174.
650 0 _aPsychoanalysts
_xBiography
_xComic books, strips, etc.
650 0 _aPsychoanalysis
_xComic books, strips, etc.
700 1 _aZarate, Oscar,
_d1942-
_ejoint author.
942 _2lcc
_cBK
_h173.f85
_iAPP
_kBF